000 00697nam a2200229Ia 4500
003 OSt
005 20220926001100.0
006 a|||||r|||| 00| 0
007 ta
008 220923b |||||||| |||| 00| 0 eng d
037 _cGeneral Book
040 _aRTL
_cRTL
_beng
041 _2eng
_aeng
082 _aX:89Q1.2.N7, M1
100 _aReddy J Mahender
_9303415
245 0 _aDemand forecasting
_b Method applications and cases
260 _a New Delhi
_bLight &Life India
_c1981
300 _axii, 408p. Bib p391-400 , Appendix p379-90
_ccm.
650 _aProduction Control
942 _hX:89Q1.2.N7, M1
_cGB
_2CC
999 _c600389
_d600389